Catálogo
 En Linea

La República de Haití y la República Dominicana : (Registro nro. 44725)

Detalles MARC
000 -CABECERA
campo de control de longitud fija 01041nam a2200241 a 4500
001 - NÚMERO DE CONTROL
campo de control 000045236
005 - FECHA Y HORA DE LA ÚLTIMA TRANSACCIÓN
campo de control 20201002050006.0
008 - DATOS DE LONGITUD FIJA--INFORMACIÓN GENERAL
campo de control de longitud fija 150212s1995 dr 000 0 spa d
040 ## - FUENTE DE LA CATALOGACIÓN
Centro catalogador/agencia de origen DO-SdBNP
Lengua de catalogación spa
Centro/agencia transcriptor BNPHU
082 ## - NÚMERO DE LA CLASIFICACIÓN DECIMAL DEWEY
Número de clasificación xxxx
Número de documento/Ítem xxxx
100 1# - ENTRADA PRINCIPAL--NOMBRE DE PERSONA
Nombre de persona Price-Mars, Jean.
9 (RLIN) 73256
245 13 - MENCIÓN DE TÍTULO
Título La República de Haití y la República Dominicana :
Resto del título diversos aspectos de un problema histórico, geográfico y etnológico /
Mención de responsabilidad, etc. Jean Price-Mars ; traducción de Martín Aldao y José Luis Muñoz Azpiri.
250 ## - MENCIÓN DE EDICIÓN
Mención de edición 3a ed.
260 ## - PUBLICACIÓN, DISTRIBUCIÓN, ETC.
Lugar de publicación, distribución, etc. Santo Domingo :
Nombre del editor, distribuidor, etc. Sociedad Dominicana de Bibliofilos,
Fecha de publicación, distribución, etc. 1995.
300 ## - DESCRIPCIÓN FÍSICA
Extensión xxi, 879 p. ;
Dimensiones 24 cm.
490 1# - MENCIÓN DE SERIE
Mención de serie Sociedad Dominicana de Bibliófilos
500 ## - NOTA GENERAL
Nota general Incluye índice onomástico
500 ## - NOTA GENERAL
Nota general Reimpresión de la primera versión española con nueva introducción
500 ## - NOTA GENERAL
Nota general Incluye referencias bibliográficas y notas al pie de las páginas
700 12 - PUNTO DE ACCESO ADICIONAL--NOMBRE DE PERSONA
Nombre de persona Aldao, Martín,
Término indicativo de función/relación tr.
9 (RLIN) 73257
700 12 - PUNTO DE ACCESO ADICIONAL--NOMBRE DE PERSONA
Nombre de persona Muñoz Azpiri, José Luis,
Término indicativo de función/relación tr.
9 (RLIN) 73258
830 #0 - PUNTO DE ACCESO ADICIONAL DE SERIE-TÍTULO UNIFORME
Título uniforme Sociedad Dominicana de Bibliófilos
9 (RLIN) 889
Existencias
Estado de retiro Estado de pérdida No para préstamo Código de colección Localización permanente Ubicación/localización actual Ubicación en estantería Fecha de adquisición Número de inventario Total de préstamos Signatura topográfica completa Código de barras Fecha visto por última vez Precio válido a partir de Tipo de ítem Koha Nota pública Número de copia
    Excluido de préstamo Patrimonio Dominicano Patrimonio Dominicano Patrimonio Dominicano Depósito 12.02.2015 LF1   xxxx xxxx 45236-10 25.06.2020 25.06.2020 Libro y Folleto Colección Patrimonio Dominicano Perteneció a la biblioteca personal del Dr. Guaroa Ginebra H.  
    Excluido de préstamo Patrimonio Dominicano Patrimonio Dominicano Patrimonio Dominicano Depósito 18.06.2019 LF1   xxxx xxxx 45236-20 25.06.2020 25.06.2020 Libro y Folleto Colección Patrimonio Dominicano Perteneció a la bibllioteca personal de la familia Reyes Duluc. e. 2

Con tecnología Koha